Vnútroformová modifikácia liatiny s guľôčkovým grafitom : Bakalárska práca

Guardado en:
Detalles Bibliográficos
Autor principal: Kudr, Juraj (Autor)
Otros Autores: Murgaš, Marián, 1945- (xxx)
Formato: Manuscrito Libro
Lenguaje:eslovaco
Publicado: Trnava : STU v Bratislave MtF KZl, 2004
Materias:
Etiquetas: Agregar Etiqueta
Sin Etiquetas, Sea el primero en etiquetar este registro!

MARC

LEADER 00000ntm a22000003a 4500
001 stu90152
005 20160719154622.2
008 040917s2004----xo------------------slo-d
040 |a STU  |b slo 
041 0 |a slo 
044 |a xo 
100 1 |a Kudr, Juraj  |4 aut 
245 1 |a Vnútroformová modifikácia liatiny s guľôčkovým grafitom :  |b Bakalárska práca 
260 |a Trnava :  |b STU v Bratislave MtF KZl,  |c 2004 
300 |a 31 s 
650 7 |a technológie strojárskej výroby  |2 stusub 
700 1 |a Murgaš, Marián,  |d 1945-  |4 xxx  |u M230  |U MTF Ústav výrobných technológií  |T MTF Katedra zlievarenstva  |X 264  |U M230  |Y M230  |7 A000000264 
996 |b 284M060348  |c M*BP-698  |l MMSKP  |s P  |a 0  |w stu90152_0001